Statistical Yearbook Thailand 1994

Salvato in:
Dettagli Bibliografici
Natura: Libro
Lingua:inglese
thailandese
Pubblicazione: Bangkok National Statistical Office 1994
Soggetti:
Tags: Aggiungi Tag
Nessun Tag, puoi essere il primo ad aggiungerne!!

MARC

LEADER 00000nam a2200000 4500
001 c018862
005 20250512092910.1
020 |a 974-8095-71-1 
041 0 |a eng 
041 0 |a tha 
044 |a TH 
245 1 0 |a Statistical Yearbook Thailand 1994 
264 1 |a Bangkok  |b National Statistical Office  |c 1994 
300 |a 426 s. 
610 2 0 |a Thajsko